000 00211nam a2200097Ia 4500
008 190216s9999||||xx |||||||||||||| ||und||
100 _aGeorge Thomas
245 0 _aRose
260 _bBhasha Institute
942 _cBK
999 _c39751
_d39751